000 00577nam a22001937a 4500
005 20251108173438.0
008 250721s1999 xx 000 0 ara d
020 _a9957090313
082 1 4 _a398.2/ماج
100 1 _aالماجدي, خزعل
_eمؤلف
245 1 0 _aالآلهة الكنعانية /
250 _aط1.
264 1 _aعمان :
_bدار أزمنة للنشر والتوزيع،
_c1999.
300 _a142ص
650 1 7 _aعلم الاساطير "الألهة"
650 1 7 _aالكنعانيون 900-3200 ق.م
942 _2ddc
_cBK
999 _c104062
_d104062